000 01100nam a2200313 a 4500
001 000022951
003 DO-SdBNP
005 20240503073631.0
007 ta
008 780607s1883 sp 000 f spa d
040 _aDO-SdBNP
_bspa
_cBNPHU
082 4 _aRD863.3
_bC419n
_222
100 1 _aCervantes Saavedra, Miguel de,
_d1547-1616
_93070
245 1 0 _aNovelas /
_cMiguel de Cervantes
260 _aMadrid :
_bImprenta de la A.P Dubrul,
_c1883.
300 _a317 p. :
_bilustraciones y retratos ;
_c12 cm.
490 1 _aJoyas de la literatura española ;
_v2
505 _aRinconete y Cortadillo -- El celoso extremeño -- El casamiento engañoso -- El coloquio de los perros
590 _aInventariado, 2022 / DG
650 4 _aNovela española
_91123
650 4 _aLiteratura española
_9632
740 0 _aRinconete y Cortadillo --
740 0 _aEl celoso extremeño --
740 0 _a El casamiento engañoso --
740 0 _a El coloquio de los perros
830 0 _aJoyas de la literatura española
_983182
910 _aDG/Validado. Control de calidad MFF
942 _2ddc
_cLBS1
999 _c53017
_d53017